Primera muestra internacional de interiorismo contemporaneo : (Record no. 21866)

MARC details
000 -CABECERA
campo de control de longitud fija 01316nam a2200289 4500
003 - IDENTIFICADOR DEL NÚMERO DE CONTROL
campo de control OSt
005 - FECHA Y HORA DE LA ÚLTIMA TRANSACCIÓN
campo de control 20260601193851.0
008 - DATOS DE LONGITUD FIJA--INFORMACIÓN GENERAL
campo de control de longitud fija 260420b2001 mx a|||| |||| 00| 0 spa d
020 ## - NÚMERO INTERNACIONAL ESTÁNDAR DEL LIBRO
Número Internacional Estándar del Libro 9687478136
040 ## - FUENTE DE LA CATALOGACIÓN
Centro catalogador/agencia de origen ICI
Lengua de catalogación spa
Centro/agencia transcriptor ICI
050 ## - SIGNATURA TOPOGRÁFICA DE LA BIBLIOTECA DEL CONGRESO
Número de clasificación NK2014
Número de documento/Ítem M84
100 #1 - ENTRADA PRINCIPAL--NOMBRE DE PERSONA
Nombre de persona Juan Bernardo Dolores González
9 (RLIN) 32358
111 #2 - ENTRADA PRINCIPAL--NOMBRE DE CONGRESO/REUNIÓN
Nombre de congreso/reunión o jurisdicción como elemento de entrada Muestra Internacional de Interiorismo Contemporaneo
9 (RLIN) 32359
245 #1 - MENCIÓN DE TÍTULO
Título Primera muestra internacional de interiorismo contemporaneo :
Resto del título Mexico /
Mención de responsabilidad, etc. Juan Bernardo Dolores Gonzalez, Guillermo Plazola Anguiano, curaduria ; autores publicacion, Gullermo Plazola Anguiano, Juan Bernardo Dolores Gonzalez ; investigacion y redaccion, Isaura Gonzalez Gottdiener
264 ## - PRODUCCIÓN, PUBLICACIÓN, DISTRIBUCIÓN, FABRICACIÓN Y COPYRIGHT
Nombre del de productor, editor, distribuidor, fabricante Plazola,
Fecha de producción, publicación, distribución, fabricación o copyright 2001
Producción, publicación, distribución, fabricación y copyright México :
300 ## - DESCRIPCIÓN FÍSICA
Extensión 136 páginas
Otras características físicas ilustraciones
336 ## - TIPO DE CONTENIDO
Término de tipo de contenido texto
Fuente rdacontent
337 ## - TIPO DE MEDIO
Nombre/término del tipo de medio sin medio
Fuente rdamedia
338 ## - TIPO DE SOPORTE
Nombre/término del tipo de soporte volumen
Fuente rdacarrier
500 ## - NOTA GENERAL
Nota general Coedicion con: Diseño Contemporaneo Internacional, International Interior Design Association
650 ## - PUNTO DE ACCESO ADICIONAL DE MATERIA--TÉRMINO DE MATERIA
Término de materia o nombre geográfico como elemento de entrada Decoración de interiores
Subdivisión general Exposiciones
Subdivisión geográfica México
9 (RLIN) 32360
650 ## - PUNTO DE ACCESO ADICIONAL DE MATERIA--TÉRMINO DE MATERIA
Término de materia o nombre geográfico como elemento de entrada Arquitectura de interiores
Subdivisión general Exposiciones
Subdivisión geográfica México
9 (RLIN) 32361
700 #1 - PUNTO DE ACCESO ADICIONAL--NOMBRE DE PERSONA
Nombre de persona Dolores Gonzalez, Juan Bernardo,
Término indicativo de función/relación editor
9 (RLIN) 32362
700 #1 - PUNTO DE ACCESO ADICIONAL--NOMBRE DE PERSONA
Nombre de persona Plazola Anguiano, Guillermo,
Término indicativo de función/relación editor
700 #1 - PUNTO DE ACCESO ADICIONAL--NOMBRE DE PERSONA
Nombre de persona Gonzalez Gottdiener, Isaura,
Término indicativo de función/relación colaborador
942 ## - ELEMENTOS DE PUNTO DE ACCESO ADICIONAL (KOHA)
Fuente del sistema de clasificación o colocación Library of Congress Classification
Tipo de ítem Koha Libros
Holdings
Estado de retiro Estado de pérdida Fuente del sistema de clasificación o colocación Estado dañado No para préstamo Localización permanente Ubicación/localización actual Fecha de adquisición Total de préstamos Signatura topográfica completa Código de barras Fecha visto por última vez Número de copia Precio válido a partir de Tipo de ítem Koha
El ejemplar forma parte de la colección y puede ser consultado según las políticas vigentes.   Library of Congress Classification     Biblioteca de Diseño Museo Franz Mayer Biblioteca de Diseño Museo Franz Mayer 20/04/2026   NK2014 M84 BDIMFM000642 20/04/2026 Ej.1 20/04/2026 Libros